[Event "Passau op 6th"]
[Site "Passau"]
[Date "1998.04.11"]
[Round "3"]
[White "Kuenzner, Franz"]
[Black "Lindner, Oliver"]
[Result "1-0"]
[WhiteElo "2300"]
[BlackElo "2135"]
[PlyCount "117"]
[EventDate "1998.04.10"]
[EventType "swiss"]
[EventRounds "7"]
[EventCountry "GER"]
[SourceTitle "EXT 1999"]
[Source "ChessBase"]
[SourceDate "1998.11.16"]
[SourceVersion "1"]
[SourceVersionDate "1998.11.16"]
[SourceQuality "1"]

1. e4 e6 2. d4 d5 3. Nc3 Bb4 4. exd5 exd5 5. Bd3 Nc6 6. a3 Be7 7. Nge2 Nf6 8. Bf4 a6 9. Qd2 Be6 10. f3 Qd7 11. 0-0 0-0 12. Rae1 Rfe8 13. Nd1 Nh5 14. Be3 Bd6 15. g4 Bxg4 16. fxg4 Qxg4+ 17. Kh1 Qh4 18. Rf2 Ng3+ 19. Kg1 Ne4 20. Bxe4 Rxe4 21. Ndc3 Rg4+ 22. Kh1 Re8 23. Rg1 Re6 24. Rxg4 Qxg4 25. Nf4 Bxf4 26. Rxf4 Qh5 27. Qf2 Ne7 28. Ne2 f6 29. Rf3 Ng6 30. Nf4 Nxf4 31. Bxf4 Re7 32. Kg2 Qg6+ 33. Kf1 Qh5 34. Re3 Rxe3 35. Qxe3 Qd1+ 36. Qe1 Qf3+ 37. Qf2 Qd1+ 38. Kg2 Qg4+ 39. Bg3 Qe4+ 40. Kf1 c6 41. Qe2 Qf5+ 42. Ke1 Kf7 43. Kd2 h5 44. Kc3 g6 45. Kb4 Qc8 46. Kc5 Qd8 47. Qe1 g5 48. Qb4 Qc8 49. Kb6 h4 50. Bc7 f5 51. Qd6 f4 52. Bd8 Qf5 53. Qe7+ Kg6 54. Qe8+ Kg7 55. Qh5 f3 56. Bxg5 f2 57. Bh6+ Kf6 58. Bg7+ Ke6 59. Qe8+ 1-0